Doing research in urban and regional planning : (Record no. 11329)

000 -LEADER
fixed length control field 01006cam a2200265 i 4500
003 - CONTROL NUMBER IDENTIFIER
control field OSt
005 - DATE AND TIME OF LATEST TRANSACTION
control field 20250908131900.0
006 - FIXED-LENGTH DATA ELEMENTS--ADDITIONAL MATERIAL CHARACTERISTICS--GENERAL INFORMATION
fixed length control field m |o d |
008 - FIXED-LENGTH DATA ELEMENTS--GENERAL INFORMATION
fixed length control field 180811s2019 nyu ob 000 0 eng
020 ## - INTERNATIONAL STANDARD BOOK NUMBER
Cancelled/invalid ISBN 9780415735568 (hardback)
040 ## - CATALOGING SOURCE
Original cataloging agency DLC
Language of cataloging eng
Description conventions rda
Transcribing agency DLC
Modifying agency DLC
042 ## - AUTHENTICATION CODE
Authentication code pcc
082 00 - DEWEY DECIMAL CLASSIFICATION NUMBER
Classification number 307.1/216072
Edition number 23
100 1# - MAIN ENTRY--PERSONAL NAME
Personal name MacCallum, Diana,
Relator term author.
245 10 - TITLE STATEMENT
Title Doing research in urban and regional planning :
Remainder of title methods and methodology for beginners /
Statement of responsibility, etc Diana MacCallum, Courtney Babb and Carey Curtis.
300 ## - PHYSICAL DESCRIPTION
Extent 1 online resource.
504 ## - BIBLIOGRAPHY, ETC. NOTE
Bibliography, etc Includes bibliographical references and index.
650 #0 - SUBJECT ADDED ENTRY--TOPICAL TERM
Topical term or geographic name as entry element City planning
General subdivision Research.
650 #0 - SUBJECT ADDED ENTRY--TOPICAL TERM
Topical term or geographic name as entry element Regional planning
General subdivision Research.
700 1# - ADDED ENTRY--PERSONAL NAME
Personal name Babb, Courtney,
Relator term author.
700 1# - ADDED ENTRY--PERSONAL NAME
Personal name Curtis, Carey,
Relator term author.
776 08 - ADDITIONAL PHYSICAL FORM ENTRY
Display text Print version:
Main entry heading MacCallum, Diana, author.
Title Doing research in urban and regional planning
Place, publisher, and date of publication New York : Routledge, 2019
International Standard Book Number 9780415735568
Record control number (DLC) 2018036547
942 ## - ADDED ENTRY ELEMENTS (KOHA)
Source of classification or shelving scheme
955 ## - COPY-LEVEL INFORMATION (RLIN)
Classification number, CCAL (RLIN) ecip ebook 2018-08-11
Holdings
Withdrawn status Lost status Source of classification or shelving scheme Damaged status Koha normalized classification for sorting Not for loan Permanent location Current location Date acquired Source of acquisition Cost, normal purchase price Full call number Barcode Date last seen Cost, replacement price Price effective from Koha item type Public note
        001_400000000000000   BMS College of Architecture, Design and Planning BMS College of Architecture, Design and Planning 2023-03-16 10 2271.66 001.4 AR-RD183 2023-03-16 3390.53 2023-03-16 R&D Books S-01
        001_400000000000000   BMS College of Architecture, Design and Planning BMS College of Architecture, Design and Planning 2023-03-16 10 2271.66 001.4 AR-RD184 2025-06-03 3390.53 2023-03-16 R&D Books S-01
Copyright © 2025, The Librarian, Library and Information Centre, BMSCA D&P, Bengaluru. All Rights Reserved
web counter

Powered by Koha